Alphabet and numbers 1-26 in 20 seconds - Statistics

General Stats
  • This quiz has been taken 251 times
  • The average score is 36 of 52
Answer Stats
Answer % Correct
A
87%
1
84%
E
84%
B
83%
D
83%
2
82%
3
82%
4
82%
F
82%
Q
82%
C
81%
5
80%
H
80%
G
79%
I
78%
J
78%
6
77%
7
76%
8
76%
K
76%
N
76%
O
76%
S
76%
9
75%
L
75%
R
75%
M
74%
T
74%
P
73%
W
72%
10
71%
11
71%
U
70%
Y
67%
12
66%
V
66%
Z
66%
X
65%
13
64%
14
62%
15
60%
16
56%
17
56%
18
56%
19
54%
20
52%
21
52%
22
49%
23
49%
24
47%
25
46%
26
45%
No matching quizzes found
Score Distribution
Percent of People with Each Score
Percentile by Number Answered
Your Score History
You have not taken this quiz